[Event "Olympiad-32"]
[Site "Yerevan"]
[Date "1996.09.25"]
[Round "9.1"]
[White "Topalov, Veselin"]
[Black "Kasparov, Garry"]
[Result "0-1"]
[WhiteElo "2750"]
[BlackElo "2785"]
[Annotator "Ftacnik,L"]
[PlyCount "126"]
[EventDate "1996.09.15"]
[EventType "team-swiss"]
[EventRounds "14"]
[EventCountry "ARM"]
[SourceTitle "CBM 055"]
[Source "ChessBase"]
[SourceDate "1996.12.01"]
[SourceVersion "1"]
[SourceVersionDate "1996.12.01"]
[SourceQuality "1"]
[WhiteTeam "Bulgaria"]
[BlackTeam "Russia"]
[WhiteTeamCountry "BUL"]
[BlackTeamCountry "RUS"]

1. e4 c5 2. Nf3 d6 3. d4 cxd4 4. Nxd4 Nf6 5. Nc3 a6 6. Be2 e6 7. a4 Nc6 8. O-O
Be7 9. Be3 O-O 10. f4 Qc7 11. Kh1 Re8 12. Bf3 Rb8 13. g4 Nxd4 14. Bxd4 e5 15.
fxe5 dxe5 16. Ba7 Ra8 17. g5 Rd8 (17... Bb4 18. Na2 a5 (18... Ba5 19. Be3 Rd8
20. Qe2 Ne8 21. c4 Be6 22. Rfc1 Qe7 23. Nc3 Bxc3 24. Rxc3 Nc7 {Dolmatov,
S-Kalegin,E/RUS-ch Elista (07)/1995/1/2-1/2 (76)}) 19. Be3 Nd7 20. Nxb4 axb4
21. Qd2 Nf8 22. Qxb4 Qxc2 23. Rfc1 Qd3 {1-0 Tiviakov,S-Marcantoni,H/Paris-ch 
(08)/1991/ (51)}) (17... Rxa7 18. gxf6 Bxf6 19. Nd5 Qd8 20. Nxf6+ gxf6 21. Qc1
Kh8 22. Rg1 (22. Qh6 Rg8 23. Bh5 Bg4 24. Bxg4 Rxg4 25. Rad1 {1-0 Oll,L-Cvitan,
O/Eupen op 25' (06)/1995/ (30)}) 22... Rg8 23. Qh6 Rg6 24. Rad1 Qe7 25. Qd2 Be6
{1/2-1/2 Sutovskij,E-Zoler,D/ISR-ch (06)/1994/ (42)}) (17... Nd7 18. Nd5 Qc6
19. Be3 Bc5 20. Bh5 g6 21. Qf3 Rf8 22. Bg4 b6 23. Bxd7 Bxd7 24. Bxc5 bxc5 {
1-0 Fishbein,A-MacArthur,J/New York op '60 Newark (01) 1996}) 18. Qe2 (18. Qc1
Rxa7 19. gxf6 Bxf6 20. Nd5 Qc6 21. Nxf6+ Qxf6 22. Bh5 Qh4 23. Bxf7+ Kh8 24. Bd5
Bh3 25. Rf3 {Kaiumov,D-Semeniuk,A/Vladivostok2 op (06)/1995/1-0 (78)}) 18...
Ne8 (18... Rxa7 19. gxf6 Bxf6 20. Nd5 Rxd5 21. exd5 Be7 22. Be4 Bd6 23. Qd3 h6
24. Rf3 {1-0 Tiviakov,S-Andruet,G/Torcy op/1991/ (29)}) 19. Be3 Be6 20. Qf2 Qc4
$5 (20... Rdc8 21. Bg4 (21. a5 Nd6 22. Na4 Rf8 23. b3 Nb5 24. Nb6 Rad8 25. Nd5
{1/2-1/2 Sax,G-Bairachny,R/Budapest Spring op (06)/1996/ (49)}) 21... Nd6 22.
Bxe6 fxe6 23. g6 Rf8 (23... Bf6 24. Qg2 Qe7 25. Rf3 Nc4 26. Bc1 hxg6 {Fishbein,
A-Gligoric,S/Moscow GMA-op (09)/1989/0-1 (75)}) 24. Qg2 Rxf1+ 25. Rxf1 Rf8 {
1/2-1/2 Riemersma,L-Ligterink,G/NLD-ch/1987/ (36)}) 21. Bb6 (21. Nd5 Bxd5 22.
exd5 Rac8 $15) 21... Rdc8 22. Be3 Bc5 23. Rad1 (23. Bxc5 Rxc5 24. Be2 Qb4 25.
Bg4 Bc4 26. Be2 Nd6 $15) 23... Bxe3 24. Qxe3 Qb4 25. Rd3 Rd8 (25... Qxb2 26.
Rb1 Qa3 (26... Qxc2 $2 27. Bd1 $18) 27. Nd5 Qa2 28. Rdd1 Rd8 $17) (25... Bc4
26. Nd5 Bxd5 27. exd5 (27. c3 Qxa4 28. exd5 Qb5 29. Bg2 Nd6 $17) 27... Rxc2 28.
Qxe5 Nd6 $17) 26. b3 Rd4 $1 (26... Rxd3 27. Qxd3 Qe7 28. Qd2 Rd8 29. Nd5 $15)
27. Rfd1 Rc8 28. R1d2 (28. Nd5 $5 Rxd3 (28... Bxd5 29. Rxd4 exd4 30. Rxd4 Bc4
$1 $17 (30... Qc3 31. Qxc3 Rxc3 32. exd5 Rxf3 33. d6 $15)) 29. Rxd3 Bxd5 30.
exd5 Rxc2 31. Qxe5 Nd6 32. Re3 $15) 28... Qc5 29. Kg2 (29. Nd5 Rxd3 (29... Bxd5
30. exd5 Rxd3 31. Qxd3 Nd6 $15) 30. Qxd3 Bxd5 31. Qxd5 Qe3 $15) 29... b5 30.
axb5 axb5 31. Nd1 Rxd3 32. Qxd3 (32. Qxc5 $2 Rxd2+ $19) 32... f6 33. gxf6 (33.
h4 fxg5 34. hxg5 Qe7 35. Qe3 Nd6 $17) 33... Nxf6 34. Ne3 Kh8 $1 (34... b4 35.
Qd6 $1) 35. c4 (35. Qd6 $2 Qxe3 $19) 35... bxc4 36. Nxc4 (36. bxc4 h6 $17)
36... h6 37. Rc2 (37. Qd6 Bxc4 38. bxc4 Qe3 $17) 37... Qb5 38. Rc1 (38. Nb2
Rxc2+ 39. Qxc2 Bxb3 $17) 38... Qc5 39. Rc2 Qb5 40. Rc1 Qb4 41. Qc3 Qe7 42. Qe3
(42. Qxe5 Bh3+ 43. Kxh3 Qxe5 44. Nxe5 Rxc1 $17) 42... Nd7 43. Be2 Rb8 44. Nd2 (
44. Qg3 Bg8 $17) 44... Nf8 45. Kh1 Ng6 46. Nc4 Bg8 47. Rf1 Qc7 48. Qg3 Bh7 (
48... Nf4 $2 49. Nxe5 Nxe2 50. Ng6+) 49. Rf2 Nf4 50. Qe3 (50. Nxe5 Bxe4+ 51.
Kg1 (51. Nf3 Rxb3 $19) (51. Bf3 Qxe5 $19) 51... Qc1+ 52. Bf1 Rf8 $19) 50... Bg8
51. Bf1 (51. Nxe5 Nxe2 52. Ng6+ Kh7 53. Nf8+ Rxf8 54. Rxf8 Qc2 $17) 51... Rf8
52. Nd2 (52. Ra2 Ne6 53. Bg2 Nd4 $17) 52... Qc1 53. Nc4 Qa1 (53... Qxe3 54.
Nxe3 Bh7 55. Bd3 Rc8 $17) 54. Qc5 Ne6 55. Qe3 (55. Qxf8 Nxf8 56. Rxf8 Kh7 $19)
55... Nf4 56. Qc5 Re8 57. Qe3 (57. Rf3 Qd1 58. Qe3 Bxc4 59. bxc4) 57... Bxc4
58. bxc4 Rd8 59. Qf3 (59. Rxf4 exf4 60. Qxf4 Kg8 $19) 59... Qe1 60. Qg3 (60.
Kg1 Rd3 61. Qg4 Nh3+ $19) 60... Rd1 61. h4 (61. c5 Qxf1+ 62. Rxf1 Rxf1+ $19)
61... Rd3 62. Qg1 (62. Qh2 Rh3 $19) 62... Qxe4+ 63. Kh2 (63. Bg2 Rh3+) 63...
Qe3 (63... Qe3 64. Kh1 Rc3 $19) 0-1

[Event "Las Palmas"]
[Site "Las Palmas"]
[Date "1996.12.17"]
[Round "7"]
[White "Kasparov, Garry"]
[Black "Ivanchuk, Vassily"]
[Result "1-0"]
[WhiteElo "2785"]
[BlackElo "2730"]
[Annotator "Shamkovich,L"]
[PlyCount "71"]
[EventDate "1996.12.08"]
[EventType "tourn"]
[EventRounds "10"]
[EventCountry "ESP"]
[EventCategory "21"]
[SourceTitle "CBM 057"]
[Source "ChessBase"]
[SourceDate "1997.04.01"]
[SourceVersion "1"]
[SourceVersionDate "1997.04.01"]
[SourceQuality "1"]

1. e4 {Dolmatov} Nf6 {Alekhine Defense - rarely met in Ivanchuk's practice} 2.
e5 Nd5 3. d4 d6 4. Nf3 g6 5. Bc4 c6 6. O-O Bg7 7. h3 (7. exd6 $5 {Dolmatov}
Qxd6 8. Nbd2 Bg4 9. h3 Bxf3 10. Nxf3 Nd7 11. Bb3 O-O 12. Re1 e6 13. Bg5 b5 14.
a4 b4 15. Qd2 a5 16. Rad1 Rfe8 17. Bh6 $14 {Christiansen,L-Vaganian,R/New York/
1990/}) 7... O-O 8. exd6 {Probably the best continuation because e5-pawn can
become a weakness. Now White has a small, but constant advantage.} (8. Bg5 dxe5
9. dxe5 Be6 10. Bb3 Nd7 11. Re1 Nc7 12. Nc3 h6 13. Bf4 Nc5 14. Qe2 Bxb3 15.
axb3 N7e6 16. Qe3 Nxf4 {1/2-1/2 Einarsson,E-Werner,B/op Reykjavik ICE 1996}) (
8. c3 Nb6 9. Bb3 dxe5 10. dxe5 N8d7 11. e6 fxe6 12. Qe2 Nc5 13. Bc2 e5 14. Ng5
Bf5 15. Rd1 Qc8 16. Be3 Ne6 17. Bxb6 Bxc2 18. Qxc2 Nxg5 19. Be3 Nxh3+ 20. gxh3
Qxh3 21. Qe4 Rf4 22. Bxf4 Qg4+ 23. Kh2 Qh4+ {1/2-1/2 Roevekamp,F-Ziegler,P/BL
1984}) (8. Re1 a5 $6 9. a4 Na6 10. Bg5 Be6 11. Nbd2 Ndc7 12. exd6 Qxd6 13. c3 {
White is better, Matthey,P-Dive,R/London Lloyds 1994}) 8... exd6 (8... Qxd6 $14
) 9. Re1 Nc7 (9... Nd7 $5 {Dolmatov} 10. Bg5 N7f6 11. Qd2 Be6 12. Bb3 b5 $10)
10. Bg5 Bf6 11. Bh6 Re8 12. Rxe8+ Nxe8 (12... Qxe8 $5 {Dolmatov} 13. Bf4 Qd8
14. Bb3 d5 15. c4 Be6 16. Bxc7 Qxc7 17. cxd5 cxd5 18. Nc3 $14) 13. Bb3 $5 (13.
Nc3 d5 14. Bd3 Nd6 (14... Ng7 15. Ne2 $5 (15. Qd2 Nf5 16. Re1 Nxh6 (16... Nxd4
17. Nxd4 Bxd4 18. Nxd5 $1 cxd5 19. Bb5 $18) 17. Qxh6 Bg7 $13) 15... Nf5 (15...
Bf5 $2 16. Bxg7 $16) 16. Bf4 $13) 15. Bf4 Nf5 16. Ne2 Qb6 17. Rb1 Nxd4 18.
Nexd4 Bxd4 19. Nxd4 (19. Qe2 Be6 20. Nxd4 Qxd4 21. Be5 Qb6 $13) 19... Qxd4 20.
Qf3 $44) 13... d5 14. c4 dxc4 (14... Be6 $5 {Dolmatov} 15. cxd5 cxd5 (15...
Bxd5 $6 16. Nc3 Bxb3 (16... Bxf3 17. Qxf3 Qxd4 18. Rd1 $18) 17. Qxb3 $36) 16.
Nc3 (16. Ne5 Nd6 17. Nc3 Nf5 18. Bf4 Nc6 19. Nxc6 bxc6 20. Ne2 Qb6 $132) 16...
Nc6 $10) 15. Bxc4 Nd6 16. Bb3 Nf5 17. Qd2 $5 Nd7 ({In case of} 17... Nxd4 18.
Nxd4 Qxd4 19. Qe1 $1 (19. Qxd4 {Dolmatov} Bxd4 20. Nc3 Nd7 21. Re1 Ne5 22. Re4
c5 23. Be3 $44) 19... Bd7 (19... Qe5 20. Nc3 Bf5 21. Qxe5 Bxe5 22. g4 Be6 23.
Rd1 Na6 24. Bxe6 fxe6 25. Ne4 $36) 20. Nc3 Qh4 21. Ne4 $1 {White has a
dangerous initiative}) (17... Bxd4 $6 18. Bg5 Qd6 19. Nc3 Bg7 20. Qxd6 Nxd6 21.
Rd1 Bf8 22. Bf4 $36) 18. Nc3 Nxh6 19. Qxh6 Nf8 (19... Nb6 {Dolmatov} 20. Ne5 (
20. Ne4 Bg7 21. Qf4 Nd5 $10) 20... Nd5) 20. Rd1 Be6 21. d5 cxd5 22. Nxd5 Rc8 (
22... Bxb2 $5 {Dolmatov} 23. Qd2 (23. Nf4 Qe7 24. Nxe6 Nxe6 25. Bxe6 fxe6 $15)
(23. Qf4 Qb8 $6 (23... Qa5 24. Ne5 $44) (23... Bxd5 $5 24. Rxd5 $44) 24. Nc7
Bxb3 25. axb3 Ne6 26. Nxe6 fxe6 27. Qe4 Qe8 (27... Qc8 28. Ng5) 28. Qxb7 Rd8
29. Re1 $5 $36 (29. Rxd8 Qxd8 30. g3 $16 (30. Qxa7 $6 Qd1+ 31. Kh2 Qxb3 32. Ng5
$2 Be5+ 33. g3 Bxg3+ $1))) 23... Bf6 (23... Bg7 24. Qb4 $44) 24. Qf4 Bxd5 25.
Bxd5 Ne6 $13) 23. Qe3 b6 24. Ne5 Rc5 25. Ng4 Bxg4 ({After} 25... Bxb2 $5 26.
Ndf6+ Bxf6 27. Rxd8 Bxd8 28. Ne5 {the play is unclear} (28. Qd4 {Dolmatov} Rc1+
29. Kh2 Bc7+ 30. g3 Bxg4 31. hxg4 $16)) 26. hxg4 Kg7 27. f4 h6 (27... Bxb2 28.
g5 {is quite unpleasant for Black} (28. g5 {Dolmatov} Qc8 (28... Ne6 29. Qe2
Ba1 30. Rxa1 Rxd5 31. Bxd5 Qxd5 32. Rd1 Qc5+ 33. Kh2 $16) 29. Qe2 Bc3 30. Nxc3
Rxc3 31. Qe5+ Kg8 32. Qf6 $16) (28. Nc3 $6 Qc8 (28... Qc7 29. Na4 Ba3) 29. Na4
Ba3 $13)) 28. f5 g5 (28... Bxb2 {Dolmatov} 29. Qf2 (29. f6+ $1 Bxf6 30. Nxf6
Qxf6 31. Rf1 Re5 32. Qd2 $18) 29... Be5 30. fxg6 fxg6 31. Nxb6 $16) 29. Qe2 (
29. Kh1 Bxb2 30. Qe2 Bf6 31. Nf4 Qxd1+ (31... Qe7 $2 32. Nh5+ Kg8 33. Qxe7 Bxe7
34. f6 $18) 32. Qxd1 gxf4 $13) 29... Nh7 $2 ({It was necessary to control
d7-square, so} 29... Rc8 {is better. Now White is gaining some material}) (
29... a5 30. a4 $5 {x b6}) (29... Qd6 30. Qe8 Qd8 (30... Bxb2 31. f6+ $18) 31.
Nxf6 Qxf6 32. Rd8 $18) (29... Rc8 $142 30. Qa6 (30. Kh1 Qd6) 30... Bxb2 31.
Qxa7 Rc1 (31... Nd7 32. Nf4 $5) 32. Rxc1 Bxc1 33. Nf4 $5 Be3+ (33... Qe8 34.
f6+ $1 $16 {/\ Qe7}) (33... Qd7 34. Nh5+ Kh8 35. Qxb6 $18) (33... Qd4+ 34. Kh1
Nd7 35. Nh5+ Kf8 36. Qc7 $16) 34. Kh1 Qd7 35. Nh5+ Kh8 36. Qb8 Qe7 37. Bxf7 Bd4
(37... Qxf7 38. Qe5+) 38. Be6 $14) 30. Nxf6 Qxf6 31. Rd7 Re5 32. Rxf7+ Qxf7 33.
Qxe5+ Qf6 34. Qc7+ Kh8 35. Kh1 $1 (35. Qb8+ Qf8 36. Qxa7 Qc5+ 37. Kh2 Nf6 {
with counterplay}) 35... a5 36. Be6 $138 (36. Be6 Nf8 37. Qxb6 Nxe6 38. Qxe6 $1
Qxe6 39. fxe6 Kg7 40. Kh2 Kf6 41. Kg3 Kxe6 42. Kf3 Ke5 43. Ke3 Kd5 44. b3 Ke5
45. a3 Kd5 46. b4 a4 47. Kd3 Ke5 48. Kc4 {wins}) 1-0

[Event "Las Palmas"]
[Site "Las Palmas"]
[Date "1996.12.20"]
[Round "9"]
[White "Kasparov, Garry"]
[Black "Karpov, Anatoly"]
[Result "1-0"]
[WhiteElo "2785"]
[BlackElo "2775"]
[Annotator "Kramnik,V"]
[PlyCount "87"]
[EventDate "1996.12.08"]
[EventType "tourn"]
[EventRounds "10"]
[EventCountry "ESP"]
[EventCategory "21"]
[SourceTitle "CBM 057"]
[Source "ChessBase"]
[SourceDate "1997.04.01"]
[SourceVersion "1"]
[SourceVersionDate "1997.04.01"]
[SourceQuality "1"]

1. d4 {Ftacnik Dolmatov} Nf6 2. c4 e6 3. Nc3 Bb4 4. Qc2 O-O 5. a3 Bxc3+ 6. Qxc3
b6 7. Bg5 Bb7 8. e3 d6 9. f3 {Botvinnik's idea} Nbd7 10. Nh3 $5 {Alternative is
} (10. Bd3 c5 11. Ne2 Rc8 (11... h6 {Dolmatov} 12. Bh4 Rc8 13. b4 d5 14. dxc5
bxc5 15. b5 Nb6 $6 16. Bxf6 Qxf6 17. Qxf6 gxf6 18. cxd5 Bxd5 19. Nc3 $14 {
Sorokin,M-Atalik,S/Cheliabinsk/1991/}) 12. Qb3 cxd4 13. exd4 d5 $6 14. O-O dxc4
15. Bxc4 h6 16. Bh4 Nb8 17. Qd3 Qe7 18. Rfe1 {White's position is preferable,
Sokolov,I-Almasi,Z/It Groningen NED 1995}) 10... c5 11. dxc5 bxc5 12. Be2 Qb6 (
12... d5 {Dolmatov} 13. O-O-O $6 Qb6 14. Rd2 Rfe8 15. Rhd1 Bc6 16. Kb1 Rab8 17.
Bh4 Ba4 18. Rc1 Rec8 $17 {Xu,J-Stefansson,H/1994/}) (12... a5 $5 13. O-O (13.
Rd1 h6 14. Bh4 (14. Bf4 $5 e5 $5 $10) 14... Ne4 15. Bxd8 Nxc3 16. bxc3 Rfxd8
17. Rxd6 Ne5 18. Rxd8+ (18. Rb6 Ba6 19. f4 Nd3+ $36) 18... Rxd8 $44 {Zaitsev,
I-Kimelfeld,R/USSR/1990/}) 13... h6 14. Bh4 Qb6 (14... a4 15. Rfd1 Ra6 16. Bf2
Qb8 17. Nf4 Rb6 18. Rd2 Rc8 19. Bd1 Bc6 20. Rb1 Qc7 21. Bg3 e5 22. Ne2 Nf8 {
1/2-1/2 Drasko,M-Levin,F/Podgorica (12)/1993 (28)}) 15. Rfd1 d5 16. Rd2 (16.
Bf2 $5 {/\ Nf4+/=}) 16... Rfe8 (16... Bc6 $1 17. Bf2 Rfb8 $1 {/\ Qb3=/+} 18.
Bd1 $1 e5 $6 (18... a4 $5 {/\ Qa5, Nb6}) 19. cxd5 Bxd5 20. Ba4 Qe6 $1 (20...
Bc6 21. Rd6 Rc8 22. Rad1 $14) 21. Rad1 $1 Nb6 $1 22. Bc2 Bxf3 23. gxf3 Qxh3 24.
Qxe5 $1 $8 Re8 $1 {Georgiev,Ki-Razuvaev,Y/Elenite/1992/1-0 (60)}) 17. Rad1 Rac8
18. Bf2 Qa7 19. Nf4 Bc6 20. Bd3 Qc7 21. cxd5 exd5 22. Ne2 Qb6 23. Bf5 {1/2-1/2
Drasko,M-Kolev,At/Ubeda op/1996 (38)}) 13. O-O d5 (13... a5 {Ftacnik} 14. Rfd1
Ba6 15. Rd2 h6 16. Bh4 d5 17. Rad1 Ra7 18. Bf2 Rb8 19. cxd5 Nxd5 20. Qc1 Bxe2
21. Rxe2 Qb5 22. Rc2 Rc8 23. e4 N5b6 {1/2-1/2 Burijovich,L-Adla,D/Mar del
Plata op (02)/1994 (32)}) 14. Rad1 (14. cxd5 {Ftacnik} exd5 15. b4 c4 16. Rfd1
Rfe8 17. Qd4 h6 18. Bxf6 Nxf6 19. Kf2 Qc7 20. Nf4 Re5 21. Rac1 Rae8 22. Rc3 g5
23. Nh3 Bc8 24. Bf1 Bxh3 25. gxh3 Nh5 {0-1 Kumaran,D-Almasi,Z/WchJM-U18
Bratislava (09)/1993/ (38)}) 14... Bc6 (14... h6 {Dolmatov} 15. Bf4 a5 16. Bg3
Ba6 17. Rf2 Ra7 18. cxd5 Nxd5 19. Qc1 Bxe2 20. Rxe2 $14 {Karpov,A-Andersson,U/
Haninge/1990/} (20. Rxe2 {Ftacnik} Qb5 21. Rc2 Rb7 22. Nf2 {/\ Ne4} N5f6 23. e4
$16 {1-0 Karpov,An-Andersson,U/Haninge/1990/ (35)})) (14... a5 {Ftacnik} 15.
Rd2 Rab8 16. Bh4 Bc6 17. Bf2 a4 18. Nf4 Qc7 19. cxd5 exd5 20. Nd3 Rb3 21. Qc2
Qa5 22. Nc1 Rb6 23. Na2 Rfb8 {Perez,Rol-Bitoon,Ri/Greenhills op (06) 1996/0-1 
(56)}) 15. Nf2 (15. Rd2 $5 {Dolmatov} h6 16. Bh4 Rab8 17. Bg3 Rb7 18. Nf4 $14)
15... h6 16. Bh4 Ba4 (16... Rab8 {Ftacnik} 17. Rd2 a5 $10) 17. Rd2 Bb3 18. Ng4
$1 {The original idea. Opening the f-file, White is preparing an attack on
King side} (18. Rc1 {Dolmatov} Rfc8 $15) 18... Nxg4 (18... Nh7 {Ftacnik} 19.
Rc1 f5 20. Ne5 $14 d4 $140 21. exd4 cxd4 22. Rxd4 Nxe5 23. c5 $16) 19. fxg4
Rab8 (19... f6 $2 {Karpov} 20. cxd5 exd5 21. Bf3) 20. g5 (20. cxd5 $142 {Karpov
} exd5 21. Rf5) 20... hxg5 21. Bxg5 Rb7 {>< f7, g7} (21... Qc6 $6 {Dolmatov}
22. Bf3 $13 (22. Be7 Rfe8 23. Bh4 Bxc4 24. Bxc4 dxc4 25. Qxc4 Nb6 26. Qf4 Rb7
$17)) 22. Be7 $2 {This is unnecessary move. White simly loses a tempo xf7} (22.
Bh4 $142 {Karpov}) 22... Re8 23. Bh4 Nf8 (23... a5 {Ftacnik} 24. Bh5 $1 Nb8 25.
Rdf2 $14) 24. Bg3 Rd8 25. Bh4 Rdd7 (25... Re8 26. Rf3 $1) (25... d4 {Ftacnik}
26. exd4 (26. Bxd8 dxc3 27. Bxb6 cxd2 28. Bxc5 Rd7 29. Bd4 e5 30. Bxe5 d1=Q 31.
Bxd1 Bxd1 $15) 26... cxd4 (26... Rxd4 27. Bf2 Rxd2 28. Qxd2 $14) 27. Qd3 Rc8)
26. cxd5 Rxd5 (26... exd5 $5 {Dolmatov} 27. Rc1 (27. Bg4 {Ftacnik} d4 (27...
Rd6 {Karpov} 28. Qe5 $132) 28. exd4 Rxd4 29. Rxd4 cxd4 30. Qd3 Ba4 31. Rf2 $10)
27... Ne6 (27... Qh6 28. Bf2 Ne6 $10) 28. Qe5 Rb8 29. Bg4 Re8) 27. e4 Rxd2 28.
Qxd2 Ba4 (28... Nd7 $5 {Karpov /\ e5}) 29. Bh5 $1 (29. Rb1 {Ftacnik} Rd7 $10)
29... Be8 (29... Qxb2 $2 {Ftacnik} 30. Bxf7+ Kh8 31. Qxb2 Rxb2 32. Be7 $16) (
29... g6 $1 {Ftacnik} 30. Qh6 (30. Bf6 Nh7 31. e5 Qxb2 32. Qd8+ Nf8 33. Bf3 Rd7
$17) 30... Nh7 31. Bd1 (31. e5 Qxb2 32. Bxg6 (32. Bf6 $2 Nxf6 33. exf6 Qd4+ 34.
Kh1 Qxf6 $19) 32... fxg6 33. Qxg6+ Rg7 34. Qxe6+ Kh8 $17) 31... Qxb2 32. Bxa4
Qd4+ 33. Bf2 Qxa4 34. Bxc5 Qxe4 $15) 30. Bf2 Qb5 $2 {It is hard to explain why
Karpov missed the simple} (30... Qxb2 31. Qxb2 (31. Qd8 Bb5 32. Re1 (32. Bxc5
$2 {fails to} Bxf1 33. Qxf8+ Kh7 34. Kxf1 Qc1+ 35. Kf2 Rb2+ 36. Kg3 Qg5+ 37.
Bg4 Rb3+) 32... Rd7 33. Qe8 Rc7 (33... c4 {and now correct is 34.Qb8. If} 34.
Bc5 Qxg2+ 35. Kxg2 Rd2+ 36. Re2 Rxe2+ 37. Bxe2 Bxe8 38. Bxc4 Bc6 39. Kf3 a5 40.
Ke3 Nd7 {and Black is a pawn up}) 34. Qd8 Rd7 {draw}) 31... Rxb2 32. Bxc5 Rb5
$1 33. Bxf8 (33. Rc1 {Dolmatov} Nd7 34. Bd6 Rxh5 35. Rc8 Nf6 (35... Kh7 $1 {
Karpov} 36. Rxe8 Nf6 37. Re7 Nxe4 $17) 36. e5) 33... Kxf8 {and Black has a
better endgame}) 31. Qd8 {After the game, Kasparov mentioned that 31.Qd6 was
even better} (31. Qd6 $142 {Kasparov}) 31... Bc6 32. Bg3 {Ftacnik: White can
not claim advantage, since his pieces are not so well coordinated and
weaknesses b2,e4 still loom. Ftacnik: Weiss kann kaum behaupten, Vorteil zu
haben, weil seine Kräfte nicht besonders gut koordiniert sind und die
Schwächen b2 und e4 bleiben.} Rd7 {This loses. Black could of continue with 32.
.. c4, for instance 33.Bd6 Qxh5, and Black stood even better because White's
attack is over! 32... Qb6 also deserves attention} (32... c4 {Dolmatov} 33. Bd6
Qxh5 (33... Qb6+ 34. Qxb6 axb6) 34. Qxf8+ (34. Bxf8) 34... Kh7 35. Rf3 c3 (
35... Rb3 36. Qxf7 Qxf7 37. Rxf7 Rxb2 38. Rxg7+ Kxg7 39. Be5+ Kg6 40. Bxb2 Bxe4
41. Kf2) 36. b4 (36. bxc3 $2 Rb1+ $19) (36. Rh3 $2 Qxh3 37. gxh3 cxb2 $19) (36.
Rxc3 $2 Qd1+ 37. Kf2 Rxb2+) 36... c2 37. Bf4 e5 $11) (32... Bxe4 $5 {Ftacnik}
33. Bc7 (33. Bd6 Qxb2 34. Qxf8+ Kh7 35. Bf3 Qd4+ 36. Kh1 Bxf3 37. gxf3 Qd3 38.
Rf2 Rb2 39. Kg2 (39. Rxb2 $4 Qf1#) (39. Bg3 $4 Rxf2 40. Bxf2 Qf1+ 41. Bg1 Qxf3#
) 39... Rxf2+ 40. Kxf2 Qd2+ $10) 33... f6 34. Bd6 Qxb2 35. Qxf8+ Kh7 36. Bf3
Qd4+ 37. Kh1 Bxf3 38. gxf3 $14) (32... Qb6 33. Qxb6 axb6 $15) 33. Qe8 $1 {
Excellent move! Now White has all the chances} Qxf1+ ({If} 33... f6 {then} 34.
Bd6 Rxd6 35. Bf7+ Kh7 36. Qxf8 Rd2 37. Qg8+ Kh6 38. Qh8+ Kg5 39. Qh5#) (33...
g6 34. Bd6 $1 {wins} ({Of course not} 34. Bxg6 $2 Qxf1+ 35. Kxf1 Rd1+ 36. Ke2
Bxe8 37. Kxd1 Nxg6 {and now Black is winning!}) (34. Bd6 {Dolmatov} Qxf1+ 35.
Kxf1 Rxd6 36. Qb8 $18 (36. Qe7 {Ftacnik} Rd7 37. Qxc5 $16))) 34. Kxf1 Rd1+ 35.
Bxd1 Bxe8 36. Bf2 Bb5+ (36... Nd7 37. Ba4 {the pin is unpleasant} a6 (37... f6
{Ftacnik} 38. Bxc5 (38. Bxd7 Bxd7 39. Bxc5 a6 40. Kf2 $14) 38... Nxc5 39. Bxe8
Nxe4 40. Ke2 $16) 38. Ke2 {White is much better}) (36... Bc6 {Ftacnik} 37. Bxc5
a5 38. Bc2 $18) 37. Be2 (37. Ke1 {Ftacnik} Nd7) 37... Bxe2+ 38. Kxe2 Nd7 39.
Kd3 {Black cannot protect his weak pawns. The game is over.} a6 40. Bg1 (40.
Kc4 {Dolmatov} Nf6 (40... Ne5+ {Ftacnik} 41. Kxc5 Nd3+ 42. Kb6 Nxf2 43. Kxa6
Nxe4 $19)) 40... f5 (40... Ne5+ {Ftacnik} 41. Kc3 Nd7 42. Kc4 Nf6 43. Kxc5
Nxe4+ 44. Kb6 $18) 41. exf5 exf5 42. Kc4 Ne5+ 43. Kxc5 Nd3+ 44. Kb6 (44. Kb6 {
Ftacnik} Nxb2 45. Kxa6 Nd3 46. a4 Ne1 47. a5 $18) 1-0

[Event "Linares 14th"]
[Site "Linares"]
[Date "1997.02.04"]
[Round "1"]
[White "Anand, Viswanathan"]
[Black "Kasparov, Garry"]
[Result "0-1"]
[WhiteElo "2765"]
[BlackElo "2795"]
[Annotator "Van der Ofen,U"]
[PlyCount "82"]
[EventDate "1997.02.04"]
[EventType "tourn"]
[EventRounds "11"]
[EventCountry "ESP"]
[EventCategory "18"]
[SourceTitle "CBM 057"]
[Source "ChessBase"]
[SourceDate "1997.04.01"]
[SourceVersion "1"]
[SourceVersionDate "1997.04.01"]
[SourceQuality "1"]

1. e4 c5 2. Nf3 d6 3. d4 cxd4 4. Nxd4 Nf6 5. Nc3 a6 6. Be2 e6 7. O-O Be7 8. a4
Nc6 9. Be3 O-O 10. f4 Qc7 11. Kh1 Re8 12. Bf3 Rb8 13. Qd2 Na5 14. Qf2 Nc4 15.
Bc1 e5 16. Nde2 exf4 17. Nxf4 Be6 18. b3 Ne5 19. Bb2 Rbc8 20. Rac1 $5 Qc5 21.
Qg3 g6 22. Nce2 Nxf3 23. gxf3 b5 24. axb5 axb5 25. Bd4 Qc6 26. Qg2 b4 27. Ng3
Qb5 28. Nxe6 fxe6 29. f4 e5 30. Bb2 Rc5 $1 31. f5 $2 (31. Nf5 Z0 32. Nh6+ Kg7
33. Nf5+ $11) 31... g5 $1 32. Rce1 Qc6 33. Re2 Kf7 34. Bc1 Rg8 35. Be3 Rc3 36.
Bd2 Rxc2 37. Bxb4 Rxe2 38. Qxe2 h5 39. Nxh5 $2 (39. Re1 $8 g4 $36) 39... Nxe4
$19 40. Qf3 g4 41. Qg2 Rh8 0-1